Name All of the District Line Stations - Statistics

General Stats
  • This quiz has been taken 69 times
  • The average score is 34 of 60
Answer Stats
Zone Other Lines Answer % Correct
1 CirclePiccadilly South Kensington
90%
1/2 Piccadilly Earl's Court
84%
1 BakerlooCircle Northern Embankment
81%
1 Circle Monument
81%
3 Tram Wimbledon
81%
1 Hammersmith & City Aldgate East
77%
1 Circle Tower Hill
77%
1 CircleVictoria Victoria
77%
1 Circle Blackfriars
74%
4 Mildmay Richmond
74%
1 Circle Temple
74%
1 CircleJubilee Westminster
74%
4 Hammersmith & CitySuffragette Barking
71%
1 Circle Cannon Street
71%
2 CircleHammersmith & City Piccadilly Hammersmith
71%
1 CirclePiccadilly Gloucester Road
68%
1 Circle Mansion House
68%
1 Circle Sloane Square
68%
6 Liberty Upminster
68%
3 CentralElizabeth Ealing Broadway
65%
2/3 DLR Hammersmith & CityJubilee West Ham
65%
3/4 Hammersmith & City East Ham
61%
1 CircleHammersmith & City Edgware Road
58%
2 - Fulham Broadway
58%
1 Circle High Street Kensington
58%
2 ElizabethHammersmith & City Windrush Whitechapel
58%
2 Piccadilly Barons Court
55%
2/3 Hammersmith & City Bromley-by-Bow
55%
5 - Dagenham East
55%
2/3 - East Putney
55%
2 CentralHammersmith & City Mile End
55%
1 BakerlooCircle Elizabeth Hammersmith & City Paddington
55%
3 - Southfields
55%
2/3 Piccadilly Turnham Green
55%
3 - Wimbledon Park
55%
1 Circle Bayswater
52%
2 Hammersmith & City Bow Road
52%
3/4 Mildmay Kew Gardens
52%
2 - Parsons Green
52%
2 - Putney Bridge
52%
1 Circle St James's Park
52%
3 Hammersmith & City Upton Park
48%
3 Piccadilly Ealing Common
45%
1 CentralCircle Notting Hill Gate
45%
2 Hammersmith & City Stepney Green
45%
6 - Upminster Bridge
45%
2 - West Kensington
45%
3 Piccadilly Acton Town
42%
5 - Dagenham Heathway
42%
3 Mildmay Gunnersbury
42%
6 - Hornchurch
42%
2 Mildmay Kensington Olympia
42%
3 Hammersmith & City Plaistow
42%
4 - Upney
42%
3 - Chiswick Park
39%
2 - Stamford Brook
39%
2 Mildmay West Brompton
39%
5 - Becontree
35%
6 - Elm Park
35%
2 - Ravenscourt Park
35%
No matching quizzes found
Score Distribution
Percent of People with Each Score
Percentile by Number Answered
Your Score History
You have not taken this quiz